Rozvoj a nové trendy motivácie zamestnancov na manažérskych pozíciách diplomová práca

Gespeichert in:
Bibliographische Detailangaben
1. Verfasser: Szakál, Filip
Körperschaft: Fakulta podnikového manažmentu EU. Katedra manažmentu
Weitere Verfasser: Horváthová, Kristína, 1995-
Format: Buch
Sprache:Slowakisch
Veröffentlicht: Bratislava 2025
Tags: Tag hinzufügen
Keine Tags, Fügen Sie das erste Tag hinzu!

MARC

LEADER 00000nbm a2200000 4500
001 0309873
005 20260325083833.8
041 0 |a slo 
044 |a SK 
245 1 0 |a Rozvoj a nové trendy motivácie zamestnancov na manažérskych pozíciách  |b diplomová práca  |c Filip Szakál ; školiteľ: Kristína Horváthová 
264 1 |a Bratislava  |c 2025 
300 |a 81 s. 
100 1 |a Szakál, Filip 
700 1 |a Horváthová, Kristína, 1995- 
710 2 |a Fakulta podnikového manažmentu EU. Katedra manažmentu